书目信息 |
| 题名: |
哈恩的桌子
|
|
| 作者: | 鲍哈格 著 ;王泰智 , 沈惠珠 译 | |
| 分册: | ||
| 出版信息: | 太原 山西人民出版社 2010.03 |
|
| 页数: | 205页 | |
| 开本: | 21cm | |
| 丛书名: | ||
| 单 册: | ||
| 中图分类: | K816.1 | |
| 科图分类: | ||
| 主题词: | 科学家--ke xue jia--生平事迹--世界 | |
| 电子资源: | ||
| ISBN: | 978-7-203-06718-4 | |
| 000 | 01057nam0 2200277 450 | |
| 001 | 012010323952 | |
| 005 | 20100601101525.07 | |
| 010 | @a978-7-203-06718-4@dCNY25.00 | |
| 100 | @a20100601d2010 em y0chiy0120 ea | |
| 101 | 1 | @achi@cger |
| 102 | @aCN@b140000 | |
| 105 | @aac z 000yc | |
| 106 | @ar | |
| 200 | 1 | @a哈恩的桌子@Aha en de zhuo zi@d= Der tisch von otto hahn@f(德) 玛农·鲍哈格著@F(de)ma nong·bao ha ge zhu@g王泰智, 沈惠珠译@Gwang tai zhi,shen hui zhu yi@zger |
| 210 | @a太原@c山西人民出版社@d2010.03 | |
| 215 | @a205页@c图, 肖像@d21cm | |
| 300 | @a来自德国的经典科普读本 | |
| 330 | @a这是最新引进的一本德国经典科普读本。全书用轻松的笔触和庞大的信息量,为读者讲述了那些改变我们世界的奇妙发明以及它们的主人。 | |
| 500 | 10 | @aDer tisch von otto hahn@mChinese |
| 606 | 0 | @a科学家@Ake xue jia@x生平事迹@y世界 |
| 690 | @aK816.1@v4 | |
| 701 | 1 | @a鲍哈格@Abao ha ge@g(Baukhage, Manon)@4著 |
| 702 | 0 | @a王泰智@Awang tai zhi@4译 |
| 702 | 0 | @a沈惠珠@Ashen hui zhu@4译 |
| 801 | 0 | @aCN@bQSSK@c20100601 |
| 905 | @b780175-77@dK816.1@eB295@f3 | |
| 哈恩的桌子= Der tisch von otto hahn/(德) 玛农·鲍哈格著/王泰智, 沈惠珠译.-太原:山西人民出版社,2010.03 |
| 205页:图, 肖像;21cm |
| 来自德国的经典科普读本 |
| ISBN 978-7-203-06718-4:CNY25.00 |
| 这是最新引进的一本德国经典科普读本。全书用轻松的笔触和庞大的信息量,为读者讲述了那些改变我们世界的奇妙发明以及它们的主人。 |
| ● |
| 相关链接 |
|
|
|
正题名:哈恩的桌子
索取号:K816.1/B295
 
预约/预借
| 序号 | 登录号 | 条形码 | 馆藏地/架位号 | 状态 | 备注 |
| 1 | 780175 | 207801752 | 社科库309/309社科库 43排6列1层/ [索取号:K816.1/B295] | 在馆 | |
| 2 | 780176 | 207801761 | 社科库309/309社科库 43排6列1层/ [索取号:K816.1/B295] | 在馆 | |
| 3 | 780177 | 207801770 | 社科库309/309社科库 43排6列1层/ [索取号:K816.1/B295] | 在馆 |